00723nam a22002177a 4500003000400000005001700004008004100021020002200062040003700084082002400121100002200145245009700167260004400264300003600308650001800344650001900362700001600381700002300397700002100420856006400441OSt20250701022455.0250505t2018 |||o|||| | || 00| ||e|g dd d a978-81-93404-63-8 cJMCFI - Learning Resource Center aeBook 579 Es78 2018 aRathoure, Ashok K aEssentials of microbiology :h[electronic resource] /cAshok K. Rathoure (and three others). aNew Delhi :bBrillon Publishing,c2018. a1 online resource (1003 pages). aMicrobiology. aiG Publishing. aBhatt, Arun aSrivastava, Ashish aKatiyar, Kalpana uhttps://portal.igpublish.com/iglibrary/reader/NBNB0006020/1